000 00342nam a2200133Ia 4500
008 240624s9999 xx 000 0 und d
041 _aeng
082 _a650.13 BER
100 _aBERNSTEIN ALBERT J
245 _aEMOTIONAL VAMPIRES AT WORK
260 _c2013
_aNew Delhi
_bTata McGraw-Hill
300 _a258 : p. : cm. ; 28
365 _cRS
_b33
999 _c26383
_d26383